000 00269nam a2200109Ia 4500
008 190914s9999||||xx |||||||||||||| ||und||
100 _aShah Misbahuddin
245 0 _aSeerat Ahmed-e-Mujtaba (S.A.W.W)
260 _aLondon
_bDarussalam
_c2001
300 _a246
942 _cBK
999 _c8760
_d8760